| 000 | 00492nam a2200181Ia 4500 | ||
|---|---|---|---|
| 008 | 240925s9999 xx 000 0 und d | ||
| 020 | _a9781118795484 | ||
| 082 | _a004.16 UPT | ||
| 100 | _aUpton, Eben | ||
| 245 | 0 | _aRaspberry Pi User Guide | |
| 250 | _aNA | ||
| 260 |
_aNew York: _bJohn Wiley & Sons _c,2014. |
||
| 300 |
_axix, 515p. _bN.A _fOriginal |
||
| 500 | _aIncludes Index | ||
| 600 | _aComputer Science | ||
| 650 | _aComputer science, information & general works | ||
| 942 | _cBK | ||
| 999 |
_c13508 _d13508 |
||